Europäische Hauptstädte nach Alphabet - Statistiken

Allgemein
  • Dieses Quiz wurde 540 mal gespielt
  • Das Durchschnittsergebnis liegt bei 14 aus 16
Antwortstatistiken
Hint Antwort % Korrekt
B Berlin, Brüssel, Bratislava, Bern, Budapest, Bukarest, Belgrad
100%
A Amsterdam, Athen, Andorra la Vella
97%
L London, Ljubljana, Lissabon, Luxemburg
96%
M Madrid, Minsk, Moskau, Monaco
95%
P Podgorica, Prag, Pristina, Paris
94%
W Wien, Warschau
94%
R Riga, Rom, Reykjavik
93%
S Stockholm, Skopje, Sarajevo, Sofia, San Marino
93%
O Oslo
91%
K Kopenhagen, Kiew
89%
H Helsinki
88%
V Valletta, Vilnius, Vaduz, Vatikanstadt
87%
Z Zagreb
84%
D Dublin
82%
T Tirana, Tallinn
82%
C Chisinau
72%
Keine übereinstimmenden Quizze gefunden
Verteilung der Resultate
Anzahl Personen mit jedem Resultat
Perzentil nach korrekt beantworteten Fragen
Ihre Resultats-Entwicklung
Sie haben dieses Quiz noch nicht gespielt